[Event "7th Gashimov Memorial-Blitz 2021"]
[Site "Baku"]
[Date "2021.12.22"]
[Round "6"]
[White "Navara, David"]
[Black "Mamedov, Rauf"]
[Result "1-0"]
[WhiteElo "2697"]
[BlackElo "2656"]
[Annotator "TA"]
[PlyCount "73"]
[EventDate "2021.12.17"]
[EventType "tourn"]
[EventCountry "AZE"]
[SourceTitle "playchess.com"]
[Source "ChessBase"]
[SourceQuality "1"]

{[%evp 16,73,16,10,22,16,33,18,23,20,39,20,25,35,38,10,14,14,23,19,32,21,27,13,
41,37,109,114,125,109,210,200,257,262,251,247,378,362,464,464,485,474,540,539,
533,524,712,435,542,542,542,522,625,626,610,606,2586,2285,29986,29986]} 1. e4
c5 2. Nf3 d6 3. Bb5+ Bd7 4. Bxd7+ Qxd7 5. c4 Nf6 6. Nc3 g6 7. d4 cxd4 8. Qxd4
Bg7 9. O-O O-O {B52: Sicilian: Moscow Variation with 3...Bd7.} 10. Qd3 Rc8 11.
Bd2 Nc6 {The position is equal.} 12. Rac1 Qd8 13. Rfd1 Nd7 14. b3 {[#]} a6 $146
{[%cal Ob7b5]} ({Predecessor:} 14... Nc5 15. Qb1 a5 16. Be3 b6 17. a3 Qc7 18.
Nd5 Qb7 19. h3 Kf8 20. Qc2 Nd7 {1-0 (119) Kasparov,S (2478)-Alonso Moyano,J 
(2409) Llucmajor 2013}) 15. Nd5 e6 16. Nc3 Nde5 17. Nxe5 dxe5 18. Qxd8+ Rxd8
19. Be3 Bf8 20. Bb6 Rdc8 {[#] Black is on the road to losing.} (20... Rxd1+ $14
21. Rxd1 Bb4) 21. Rd7 $1 $16 Rab8 22. Na4 {White is much more active.} Nd4 (
22... Re8 $16 {is a better defense.}) 23. Kf1 $18 ({Inferior is} 23. Bxd4 exd4
24. Rd1 b5 $11) 23... Rc6 24. Bc7 {Prevents Rd6.} Rxc7 25. Rxc7 b5 (25... Bd6
$142) 26. cxb5 axb5 27. Nc5 Bd6 28. Rd7 Bf8 29. Nd3 f6 30. f4 Bh6 31. Rdc7 exf4
32. Rc8+ Rxc8 33. Rxc8+ Kf7 34. Rc7+ Kf8 35. a4 {[%cal Ba2a4,Ba4a5,Ba5a6][%mdl
32]} f5 36. a5 {a6 would kill now.} fxe4 {[#]} 37. a6 $1 {Weighted Error Value:
White=0.13 (very precise) /Black=0.65} 1-0

[Event "7th Gashimov Memorial-Blitz 2021"]
[Site "Baku"]
[Date "2021.12.22"]
[Round "7"]
[White "Caruana, Fabiano"]
[Black "Mamedyarov, Shakhriyar"]
[Result "1-0"]
[WhiteElo "2792"]
[BlackElo "2767"]
[Annotator "TA"]
[PlyCount "113"]
[EventDate "2021.12.17"]
[EventType "tourn"]
[EventCountry "AZE"]
[SourceTitle "playchess.com"]
[Source "ChessBase"]
[SourceQuality "1"]

{[%evp 10,113,20,14,30,0,37,38,35,36,32,33,47,33,36,12,16,20,8,0,0,14,23,0,0,0,
-8,-12,18,17,14,17,12,10,22,13,13,8,18,-14,0,0,0,-50,-50,-52,-43,-40,0,0,70,0,
0,-69,-8,-8,-8,-21,0,-25,0,0,0,0,0,0,555,544,542,545,506,535,540,533,497,461,
436,357,769,1052,1059,925,1122,543,1354,525,5916,5916,1168,929,12798,6942,
29978,29979,29981,29982,29986,29985,29988,29989,29989,29984,29984,29985,29985,
29986]} 1. c4 Nf6 2. Nc3 e6 3. e4 d5 4. cxd5 exd5 5. e5 Ne4 6. Nf3 Nc6 {
A18: English Opening: Flohr-Mikenas System (1 c4 Nf6 2 Nc3 e6 3 e4).} 7. Be2
Bg4 (7... d4 $5 8. Nxe4 d3 $11) 8. O-O Be7 {White is slightly better.} 9. d4
O-O {[#]} 10. h3 $146 ({Predecessor:} 10. Be3 f6 11. exf6 Bxf6 12. Qb3 Nxc3 13.
bxc3 Na5 14. Qa4 c6 15. Rae1 Bxf3 16. Bxf3 {1-0 (59) L'Ami,E (2611)-Brown,M 
(2499) Douglas 2017}) 10... Bh5 11. Be3 Qd7 12. Qb3 Nxc3 13. Qxc3 Nd8 14. Rac1
Ne6 15. Qd2 Rfd8 16. b4 (16. g4 $5 {[%cal Rg4h5]} Bg6 17. Ng5 $11) 16... a5 17.
b5 Bxf3 18. gxf3 {[%cal Bg2f3,Bf3f4,Bf4f5][%mdl 32]} c5 19. bxc6 ({But not} 19.
dxc5 d4 20. Rfd1 (20. c6 $2 Qc7 $19) 20... Qd5 $17) 19... bxc6 20. f4 c5 21. f5
Nxd4 22. Bxd4 cxd4 23. Bd3 {[%cal Of5f6]} f6 24. f4 {[%mdl 1024] White has
compensation.} (24. e6 $5 {[%cal Re6d7]} Qd6 25. Rb1 $11) 24... Rdc8 25. Kh1
Kh8 26. Qg2 (26. Rxc8+ $11 Qxc8 27. Rc1) 26... Rc3 $15 27. Rcd1 Rb8 28. Rf3
Rbc8 29. Rg1 {[%csl Gg1][%cal Rg2g7] [#]} Bd8 (29... Rg8 $11) 30. h4 $40 {
[%mdl 128] White mounts an attack. White is more active.} (30. Rg3 $14 Rc1 31.
Bf1) 30... Rc1 31. h5 (31. e6 $11 Qe7 32. Rff1) 31... h6 ({Better is} 31...
Rxg1+ $15 32. Kxg1 Qe8) 32. Qg6 $11 Rxg1+ 33. Kxg1 Qb7 34. Rf1 Qe7 35. Rb1 Kg8
(35... fxe5 36. f6 gxf6 37. Qxh6+ Kg8 38. Kf2 $18) 36. e6 Bc7 (36... Rc3 $2 37.
Rb8 $18) 37. Rb7 Rb8 $2 {[%mdl 8192] White leaves nothing to chance now.} (
37... a4 $11 {and Black is okay.}) 38. Qf7+ $1 $18 {[%mdl 64] [#] Decoy} Qxf7
39. exf7+ Kxf7 40. Rxc7+ {[%mdl 4096] Endgame KRB-KR} Kf8 41. Kf2 Rb2+ 42. Rc2
Rb4 43. Kf3 {Rc5 is the strong threat.} a4 $2 (43... Ra4 44. Ke2 Ke7) 44. Rc5 {
Threatens to win with Rb5.} Rb2 45. Rxd5 Rxa2 46. Rd7 (46. Rxd4 $142 {aiming
for Ke4.} Ra1 47. Bb5) 46... a3 47. Ra7 (47. Ke4 $142 {Ra7 would kill now.} Rh2
48. Bc4) 47... Ra1 48. Ke4 a2 49. Kxd4 {White threatens Be2 and mate.} Ke8 50.
Bc2 {Intending Bb3 and mate.} Kd8 51. Bb3 {White mates.} Rf1 52. Bxa2 Rxf4+ 53.
Kd5 Rxf5+ 54. Kd6 {[%cal Ra7a8]} Kc8 55. Be6+ Kb8 56. Bxf5 Kxa7 57. Ke7 {
Weighted Error Value: White=0.29 (precise) /Black=0.46} 1-0

[Event "7th Gashimov Memorial-Blitz 2021"]
[Site "Baku"]
[Date "2021.12.22"]
[Round "7"]
[White "Rapport, Richard"]
[Black "Navara, David"]
[Result "0-1"]
[WhiteElo "2763"]
[BlackElo "2697"]
[Annotator "TA"]
[PlyCount "122"]
[EventDate "2021.12.17"]
[EventType "tourn"]
[EventCountry "AZE"]
[SourceTitle "playchess.com"]
[Source "ChessBase"]
[SourceQuality "1"]

{[%evp 10,122,0,0,23,4,2,0,0,0,0,0,0,0,0,5,22,0,0,0,0,0,0,0,0,0,0,-9,0,-10,0,0,
0,0,0,0,0,-11,0,-9,0,0,0,-8,-2,-2,0,0,37,16,14,23,16,15,18,18,18,16,20,-8,-8,
-8,0,-8,-3,-8,-8,-8,0,0,0,-8,-8,-8,-8,-362,-90,-389,-8,-101,-68,-130,-18,-18,
-18,-86,-81,-153,-101,-385,-358,-385,-373,-354,-339,-325,-300,-362,-8,-405,
-370,-597,-578,-718,-712,-728,-715,-672,-631,-29985,-29986,-29986,-29987,
-29988,-29987]} 1. e4 e5 2. Nf3 Nc6 3. g3 Nf6 4. d3 d5 5. exd5 Nxd5 6. Bg2 Bd6
{C44: Ponziani Opening and Scotch Gambit.} 7. O-O O-O 8. c3 {[#] 8.a4 is
setting a new trend.} a5 $146 {The position is equal.} ({Predecessor:} 8... Bf5
9. Nh4 Be6 10. Nf3 Re8 11. Ng5 Bf5 12. Bxd5 Be6 13. Bxe6 fxe6 14. Qh5 h6 {
1-0 (50) Pedersen,J-Socko,S Tromsoe 2009}) 9. a4 Re8 10. Nbd2 Bf8 11. Nc4 Bf5
12. Re1 {[%cal Rf3e5]} f6 13. d4 (13. Ne3 {keeps more tension.} Nxe3 14. Bxe3
Qxd3 15. Qb3+ Be6 16. Qxb7 Ne7 17. Qxc7 Nd5 18. Qc6) 13... exd4 14. Rxe8 Qxe8
15. Nxd4 Be4 16. Bxe4 Qxe4 17. Nd2 Qe8 18. Nxc6 Qxc6 19. Nf3 Nb6 20. Bf4 Qd5
21. Qxd5+ Nxd5 22. Bd2 Rd8 23. Kf1 Bc5 24. h4 h5 25. Ke2 Kf7 26. Be1 Re8+ 27.
Kf1 c6 28. Nd2 g5 29. hxg5 fxg5 30. Nb3 {[%csl LRa5,LRc5]} Bb6 31. c4 {[%csl
LRa5,LRd5]} Nb4 32. Bxb4 axb4 $11 {[%mdl 4096] Endgame KRB-KRN} 33. a5 Bd8 34.
a6 bxa6 35. Rxa6 Bf6 36. Rxc6 Bxb2 37. Rb6 Bc3 38. c5 h4 39. Kg2 Rc8 40. c6 Ke6
41. Na5 Kd6 42. Ra6 $2 {[%mdl 8192] [#]} (42. Rb7 $11) 42... hxg3 $2 (42... Kc5
$1 $19 {[%cal Rc5b5] and Black stays clearly on top.} 43. Nb3+ Kc4) 43. Kxg3 $2
{[%mdl 8192] [#]} (43. c7+ $17 Kd5 44. Rg6) 43... Bd4 $2 (43... Kc5 $1 $19 {
[%cal Rc5b5] ...Kb5 is the strong threat.} 44. Nb3+ Kc4) 44. f3 (44. Nb3 $11 {
remains equal.} Kd5 45. Nxd4 Kxd4 46. Kg4) 44... Kc7 45. Nb3 (45. f4 $15) 45...
Bb6 (45... Be3 $17 {Threatens to win with ...Rh8.} 46. Kg2 Rh8) 46. Ra4 Rb8 47.
Kg4 (47. Rxb4 $11 Bf2+ 48. Kxf2 Rxb4 49. Nc5 Kxc6 50. Ne6) 47... Be3 $17 ({
Reject} 47... Kxc6 $6 48. Rxb4 Rf8 49. Nd4+ Kc5 50. Ne6+ Kxb4 51. Nxf8 $11) 48.
Ra6 ({Only move:} 48. Kf5) 48... Rb6 ({Black should play} 48... Rf8 49. Ra1
Kxc6) 49. Ra2 $2 {[%mdl 8192]} (49. Rxb6 $17 {is a better defense.} Kxb6 50.
Kf5) 49... Rxc6 $19 50. Ra4 Rc4+ 51. Kf5 Kb6 52. Ra8 Rf4+ 53. Ke5 Rxf3 $2 (
53... Kc6 $19 54. Rb8 Bb6 55. Rc8+ Kb7) 54. Ke4 $2 {[%mdl 8192]} (54. Rb8+ $11
{and White is okay.} Kc6 55. Rxb4) 54... Rh3 55. Rb8+ $2 (55. Kd5 Bf4 56. Nd4)
55... Kc7 56. Rb5 Kc6 57. Rb8 Bb6 58. Nd2 b3 59. Nc4 {Prevents Re3+.} Rh4+ {
Black mates.} 60. Kd3 {[#]} Rxc4 $1 61. Rc8+ (61. Rh8 b2) 61... Bc7 {Weighted
Error Value: White=0.66/Black=0.44} 0-1

[Event "7th Gashimov Memorial-Blitz 2021"]
[Site "Baku"]
[Date "2021.12.22"]
[Round "7"]
[White "Mamedov, Rauf"]
[Black "Karjakin, Sergey"]
[Result "1-0"]
[WhiteElo "2656"]
[BlackElo "2743"]
[Annotator "TA"]
[PlyCount "135"]
[EventDate "2021.12.17"]
[EventType "tourn"]
[EventCountry "AZE"]
[SourceTitle "playchess.com"]
[Source "ChessBase"]
[SourceQuality "1"]

{[%evp 12,135,25,25,44,22,46,16,7,19,28,25,23,12,13,12,34,20,60,45,83,78,108,
72,60,31,35,-18,-21,-12,-9,-60,0,0,0,0,0,-23,-13,-20,-16,-12,-14,-95,-88,-111,
-118,-168,-175,-203,-193,-197,-193,-189,-181,-204,-96,-122,-114,-120,-83,-137,
-24,-135,-85,-135,-135,-135,-135,-135,-120,-135,-135,-135,-130,-130,-130,-175,
-109,-108,-108,-171,-40,-51,-8,-8,-1,-1,-1,-1,-1,-1,-1,-1,-1,-1,-1,-1,-1,-2,0,
0,0,0,30,30,30,30,40,41,45,48,29966,29967,29966,29966,29967,29967,29968,29967,
29968,29970,29970,29971,29964,11010]} 1. e4 c6 2. d4 d5 3. Nd2 {[%cal Bb1d2,
Bd2e4,Be4g3][%mdl 32]} dxe4 4. Nxe4 Bf5 5. Ng3 Bg6 6. Nf3 Nf6 7. h4 Nh5 {
is currently scoring better than 7...h6. B18: Classical Caro-Kann: 4...Bf5
sidelines.} 8. Ne2 {has lost popularity (8.Nxh5).} Nd7 {[%cal Oe7e5]} 9. Nf4
Nxf4 {The position is equal.} 10. Bxf4 Bh5 11. Be2 e6 {[#]} 12. Qd3 $146 ({
Predecessor:} 12. Qd2 Be7 13. O-O-O Nf6 14. Kb1 Qb6 15. Ne5 Bxe2 16. Qxe2 Nd5
17. Qf3 Nxf4 18. Qxf4 Bf6 19. Nc4 {1-0 (31) Aulia,M (2360)-Fronda Pascua,J 
(2152) Chess.com INT 2020}) 12... Be7 13. O-O-O Qa5 14. Kb1 O-O-O 15. Bg3 Bf6
16. Qe3 Rhe8 17. Nd2 {Black must now prevent Nc4.} Bxe2 18. Ne4 {Nd6+ is the
strong threat.} (18. Qxe2 $5 {[%cal Rd2c4]} Be7 19. Nc4 $14) 18... Nc5 (18...
Bxd1 $2 19. Nd6+ Kb8 20. Nc4+ Qc7 21. Bxc7+ Kxc7 22. Rxd1 $18) 19. Qxe2 (19.
Nxf6 $14 gxf6 20. Qxe2) 19... Nxe4 $11 20. Qxe4 Qf5 21. Qe3 (21. Rhe1 $11)
21... b6 (21... Rd5 $1 $15) 22. Qe2 Kb7 {To avoid Qa6+} 23. Be5 $1 Bxe5 24.
Qxe5 h5 ({Much less strong is} 24... Qxf2 25. Qxg7 Re7 26. a3 $11 (26. Qxh7
Qxg2 27. Rdg1 Qd5 $11) (26. Rhf1 Qxh4 27. Rxf7 Rdd7 $11)) 25. f3 Qxe5 26. dxe5
{[%mdl 4096] Endgame KRR-KRR} b5 27. c4 (27. g4 $11 {keeps the balance.}) 27...
bxc4 $17 28. Kc2 Rd5 29. Rde1 (29. g4 $17 {was called for.}) 29... Red8 $19 30.
Re2 Kb6 31. g4 {[#]} g6 32. gxh5 gxh5 33. Rg1 Rd3 (33... Rd4 $19 {and Black
stays clearly on top.} 34. Rh2 Rf4) 34. Rg5 Rxf3 {And now ...Rh8 would win.}
35. Rxh5 Rd4 36. Rh8 (36. Rh2 $142) 36... Rdf4 (36... Kc5 $17 {Threatening ...
Rf1.} 37. h5 Rh4) 37. h5 (37. Rh2 $1 $11) 37... Kc5 (37... Rh4 $142 38. h6 Kc5)
38. h6 (38. Rh2 $142) 38... Rh3 39. Ra8 Rxh6 40. Rxa7 Rh3 41. Ra5+ Kb6 42. Ra8
Rhf3 43. Rb8+ Kc5 44. a4 (44. Rd8 $17) 44... Rf2 ({Black should try} 44... Rf1
$19 45. Ra8 Ra1) 45. Rxf2 $17 Rxf2+ {KR-KR} 46. Kb1 {[#]} (46. Kc3 $17) 46...
Rd2 (46... Rf1+ $1 $19 47. Kc2 Kd5) 47. Rb7 $1 $15 Rd8 (47... Rd1+ $15 {
should be considered.} 48. Kc2 Rf1) 48. Rxf7 $11 Kd5 49. Ra7 {Prevents Ra8.}
Kxe5 50. Kc2 Kd4 51. a5 {[%cal Ba4a5,Ba5a6,Ba6a7][%mdl 32]} Kc5 52. Re7 Kd6 53.
Ra7 Rb8 54. a6 Rb6 55. Ra8 {White wants to mate with a7.} Ke5 56. a7 Ra6 57.
Kc3 Ke4 58. Kxc4 e5 59. b4 {Intending Kc5 and mate.} ({Don't take} 59. Kc5 Ke3
$16) 59... Ke3 60. Re8 Rxa7 61. Rxe5+ Kf4 $2 {[%mdl 8192]} (61... Kd2 $14) 62.
Re6 {White mates.} Ra1 63. Rxc6 Ke5 64. Kb5 Kd5 65. Rc2 Kd6 66. Kb6 Kd7 67. b5
Rb1 68. Ka6 {White used his chance.  Weighted Error Value: White=0.18 (very
precise) /Black=0.20 (precise)} 1-0

[Event "7th Gashimov Memorial-Blitz 2021"]
[Site "Baku"]
[Date "2021.12.22"]
[Round "7"]
[White "Asadli, Vugar"]
[Black "Anand, Viswanathan"]
[Result "1/2-1/2"]
[WhiteElo "2579"]
[BlackElo "2751"]
[Annotator "TA"]
[PlyCount "91"]
[EventDate "2021.12.17"]
[EventType "tourn"]
[EventCountry "AZE"]
[SourceTitle "playchess.com"]
[Source "ChessBase"]
[SourceQuality "1"]

{[%evp 14,91,16,7,28,10,21,16,55,45,87,85,85,56,76,70,69,80,110,131,185,182,
180,169,191,187,180,173,170,138,138,35,36,29,25,48,407,398,509,463,410,234,235,
236,234,237,224,227,399,406,407,373,357,31,37,42,31,-59,0,-156,-163,-158,-145,
-150,-161,-204,-72,-69,-66,-69,-69,-69,-42,-43,-7,-7,0,0,0,0]} 1. e4 c5 2. Nf3
e6 3. d4 cxd4 4. Nxd4 Nc6 5. Nc3 Qc7 6. Be3 a6 7. Qd2 Nf6 8. O-O-O Be7 {
B48: Sicilian: Taimanov: 5 Nc3 Qc7 6 Be3 a6 without Be2.} 9. f3 b5 $1 {9...b5
is better than 9...0-0.} 10. g4 {10.Kb1 is vanishing.} h6 11. h4 {[%cal Bh2h4,
Bh4g5,Bg5g6][%mdl 32]} Ne5 (11... Bb7 $14) 12. Rg1 {[#]} Bb4 $146 ({
Predecessor:} 12... d6 13. g5 hxg5 14. hxg5 Nfd7 15. f4 Nc4 16. Bxc4 bxc4 17.
g6 Bf6 18. gxf7+ Kxf7 19. Nxe6 {1-0 (27) Eynullayev,A (2227)-Martins,C (2231)
Chess.com INT 2020}) 13. g5 hxg5 14. hxg5 Nh5 15. f4 $36 {[%mdl 2048] White is
really pushing.} Bxc3 16. bxc3 Nc4 (16... Ng6 $16 {might work better.}) 17.
Bxc4 $18 bxc4 18. g6 f6 19. Rh1 {aiming for Qe2.} Bb7 20. Qe2 Qa5 21. f5 {
[%cal Bf4f5,Bf5e6,Be6e7][%mdl 32]} (21. Qxc4 $6 Bxe4 22. Nb3 Qf5 $14) (21. Nxe6
dxe6 22. Qxc4 Qa3+ 23. Kb1 Bd5 $1 {[%mdl 512]} 24. exd5 Rb8+ 25. Qb3 Rxb3+ 26.
axb3 Kd7 27. dxe6+ Kxe6 $15) 21... Qxc3 {[%cal Oe6e5]} 22. Rxh5 {White is more
active.} (22. Kb1 $2 Bxe4 $1 23. fxe6 Rb8+ 24. Kc1 dxe6 $1 25. Nxe6 Qb2+ 26.
Kd2 Qxc2+ 27. Ke1 Qxe2+ 28. Kxe2 Ng3+ 29. Kd2 Bxh1 $19) (22. fxe6 $16 dxe6 23.
Nxe6 Qa3+ 24. Kb1 Qb4+ 25. Kc1 Qa3+ 26. Kb1 Qb4+ 27. Kc1 Qa3+) 22... Rxh5 $14
23. Qxh5 {Threatening mate with Qh8+. Dancing on a razor blade.} Qxe3+ 24. Kb2
O-O-O $2 {[%mdl 8192]} (24... c3+ $2 25. Ka1 O-O-O 26. fxe6 $18) (24... Qh6 $1
$14 25. Qxh6 gxh6) 25. fxe6 $18 c3+ 26. Ka1 {White wants to mate with Qc5+.}
Qg5 {Prevents Qc5+.} 27. Qxg5 (27. exd7+ $142 Rxd7 28. Qh8+ Rd8 29. Qh3+ (29.
Qxd8+ Kxd8 30. Nf3+ Ke7 $18) 29... Rd7 30. Rb1 Qxg6 31. Ne6) 27... fxg5 {
[%mdl 4096] Endgame KRB-KRN} 28. e7 {Strongly threatening Rf1.} Re8 29. Nf5 {
Nd6+ is the strong threat.} Kc7 30. e5 Bf3 $2 (30... Be4 31. Nd6 Rxe7) 31. Rd3
Bg4 32. Rxc3+ Kb8 {[#]} 33. Rb3+ $2 ({Inferior is} 33. Nxg7 Rxe7 34. Rg3 Rxg7
$11) ({Only move:} 33. Nd6 $1 $18 Rxe7 34. Rc8+ Ka7 35. Rc4 (35. Rg8 Rxe5 36.
Rxg7 Rd5 $14) 35... Rxe5 36. Rxg4) 33... Ka8 $1 $14 34. Nd6 Rxe7 35. Nc4 ({
Better is} 35. Rg3 $14 Bd1 36. Rxg5) 35... Ka7 (35... Re8 $15) 36. Rg3 $2 (36.
Nd6 $1 $11 Rxe5 37. Nc8+ Ka8 38. Nb6+ Ka7 39. Nc8+ Ka8 40. Nb6+ Ka7 41. Nc8+)
36... Be2 $17 37. Nd6 {Threatens to win with Nc8+.} Rxe5 38. Nf7 Rc5 39. Kb2 (
39. Nxg5 $142 Rxc2 40. Nf7) 39... Bh5 (39... g4 $19 {and Black stays clearly
on top. Hoping for ...Bf3.} 40. Kc1 Bf3) 40. Nxg5 Bxg6 41. Ne6 Rxc2+ ({Much
weaker is} 41... dxe6 42. Rxg6 Kb6 43. Rxg7 $11) 42. Kb3 dxe6 (42... Be4 $5 {
[%cal Rd7e6]} 43. Rxg7 Rd2 $17) 43. Rxg6 Rc7 44. Rxe6 {The position is equal.}
Rf7 45. Rg6 Kb7 46. Kb4 {Weighted Error Value: White=0.30/Black=0.30} 1/2-1/2

[Event "7th Gashimov Memorial-Blitz 2021"]
[Site "Baku"]
[Date "2021.12.23"]
[Round "8"]
[White "Mamedyarov, Shakhriyar"]
[Black "Navara, David"]
[Result "0-1"]
[WhiteElo "2767"]
[BlackElo "2697"]
[Annotator "TA"]
[PlyCount "72"]
[EventDate "2021.12.17"]
[EventType "tourn"]
[EventCountry "AZE"]
[SourceTitle "playchess.com"]
[Source "ChessBase"]
[SourceQuality "1"]

{[%evp 9,72,-4,0,-16,0,0,58,28,29,31,47,-30,-34,-86,-84,-79,-10,-97,-99,-95,
-99,-276,-289,-256,-220,-233,-200,-237,-203,-221,-199,-200,-195,-214,-204,-212,
-207,-182,-177,-192,-176,-269,-266,-252,-203,-177,-158,-234,-230,-376,-376,
-376,-376,-321,-204,-212,-205,-959,-941,-1116,-822,-1650,-1555,-4598,-4598]} 1.
d4 Nf6 2. Bg5 {[%cal Bc1g5,Bg5h4,Bh4g3][%mdl 32]} d5 3. Nd2 c5 4. dxc5 e6 5. e4
Bxc5 {White should prevent ...Qb6.} 6. Qe2 {D00: 1 d4 d5: Unusual lines.} h6 7.
Bh4 {[#]} g5 $146 ({Black should play} 7... Be7 $11) ({Predecessor:} 7... Be7
8. e5 Nfd7 9. Bxe7 Qxe7 10. O-O-O Nc6 11. f4 b6 12. Ngf3 Bb7 13. Kb1 Rc8 {
1-0 (38) Najer,E (2654)-Karjakin,S (2757) Moscow 2021}) 8. Bg3 $14 {White is
slightly better.} Nxe4 9. Nxe4 dxe4 10. Qxe4 ({White should try} 10. h4 $14)
10... Nc6 $11 {White must now prevent ...f5.} 11. Nf3 (11. Qd3 $15) 11... f5
$17 12. Qc4 {[#]} Qd5 (12... Qa5+ $1 $17 13. c3 f4 14. Bxf4 gxf4) 13. h4 (13.
Be5 $1 $11 {keeps the balance.} Nxe5 14. Qxd5 exd5 15. Nxe5) 13... f4 $36 {
[%mdl 2048] Keeping White busy.} 14. Bh2 g4 {[%cal Bg5g4,Bg4g3][%mdl 32] Black
is more active.} 15. Nd2 {[#] White does not recover from this.} (15. Qxd5 $17
{was the only chance.} exd5 16. Nd2) 15... Bxf2+ $1 $19 {[%mdl 512]} 16. Kd1 g3
({Wrong is} 16... Qe5 $2 17. Be2 g3 18. Bg1 $19) 17. Bg1 Bxg1 ({Weaker is} 
17... Qe5 18. Bxf2 gxf2 19. Bd3 $17) 18. Rxg1 O-O 19. c3 Qxc4 20. Bxc4 Ne5 21.
Be2 Bd7 22. Kc2 Bc6 23. Rae1 Rf6 24. Bd1 Ng6 25. h5 (25. Nf3 $142) 25... Nh4
26. Ne4 Bxe4+ 27. Rxe4 Nf5 28. Rf1 {[#]} (28. Bf3 $17 {was necessary.}) 28...
Raf8 $1 {And now ...Ne3+ would win.} 29. Rfxf4 {[#]} (29. Kc1 $142 Ne3 30.
Rfxf4 Rxf4 31. Rxe3) 29... Nd4+ $1 {[%mdl 512]} 30. cxd4 Rxf4 31. Rxe6 Rxd4 {
KRR-KRB} 32. Bf3 Rc8+ 33. Kb3 $2 (33. Kb1) 33... Rd3+ {Black is clearly
winning.} 34. Ka4 Kf7 ({But not} 34... Rc2 $2 35. Rg6+ Kf8 36. Rf6+ Kg7 37.
Rg6+ Kf8 38. Rf6+ Kg8 39. Rg6+ Kh7 40. Rxg3 $19) 35. Rxh6 {[#]} Rxf3 $1 {
[%mdl 512]} 36. gxf3 (36. Rh7+ Kg8) 36... g2 {Weighted Error Value: White=0.87/
Black=0.28 (precise)} 0-1

[Event "7th Gashimov Memorial-Blitz 2021"]
[Site "Baku"]
[Date "2021.12.23"]
[Round "8"]
[White "Rapport, Richard"]
[Black "Karjakin, Sergey"]
[Result "1/2-1/2"]
[WhiteElo "2763"]
[BlackElo "2743"]
[Annotator "TA"]
[PlyCount "125"]
[EventDate "2021.12.17"]
[EventType "tourn"]
[EventCountry "AZE"]
[SourceTitle "playchess.com"]
[Source "ChessBase"]
[SourceQuality "1"]

{[%evp 15,125,0,-14,-5,-16,-10,-13,-11,-5,-9,-10,-5,0,0,0,0,19,18,19,27,16,11,
13,0,45,11,22,11,49,0,0,0,0,8,0,-5,0,0,0,-44,-21,-21,-18,-18,0,0,0,0,0,0,0,0,0,
0,7,0,0,0,0,0,180,32,41,43,117,14,429,429,367,0,0,0,0,0,0,0,0,0,0,0,8,0,0,0,0,
0,0,0,29999,0,0,0,0,0,0,0,0,0,0,0,0,0,0,0,0,0,0,0,0,0,0,0]} 1. e4 e5 2. Nf3 Nc6
3. Bb5 a6 4. Ba4 Nf6 5. O-O Be7 6. d4 exd4 7. e5 {is cutting edge theory.} Ne4
8. Nxd4 Nc5 (8... Nxe5 $2 9. Re1 $18) 9. Bxc6 {C84: Closed Ruy Lopez: Unusual
White 6th moves.} dxc6 10. Be3 Ne6 11. Nf5 Qxd1 12. Rxd1 Bf8 13. Nc3 Bd7 {[#]}
14. Rd2 $146 ({Predecessor:} 14. Ne4 O-O-O 15. Nfg3 h6 16. f4 g6 17. Rd2 Ng7
18. Nc5 Nf5 19. Nxf5 Bxc5 20. Bxc5 Bxf5 {½-½ (27) Motwani,P (2260)-Lapan,D
Groningen 1981}) 14... O-O-O 15. Rad1 g6 16. Nh6 Bxh6 17. Bxh6 c5 18. Nd5 {
Ne7+ is the strong threat.} Bb5 19. b3 Kb8 (19... b6 $11 {was preferrable.})
20. c4 Bc6 21. h4 b5 22. Ne7 (22. Be3 $14) 22... Kb7 $11 23. Rxd8 Rxd8 24. Rxd8
Nxd8 {[%mdl 4096] Endgame KBN-KBN} 25. f3 {Inhibits Be4.} bxc4 26. bxc4 Bd7 27.
Be3 (27. Nd5 $11) 27... Be6 28. Bxc5 Bxc4 29. a3 $1 Ne6 30. Be3 c5 31. Kf2 Kb6
32. Nc8+ Ka5 33. Nd6 {[%csl LRc4,LRf7]} Bd5 34. Nxf7 c4 35. g4 Ka4 36. Nd6 $1
c3 37. f4 c2 $2 (37... Kxa3 $11 {and Black stays safe.} 38. f5 Nc7) 38. f5 (38.
Bc1 $1 $18) 38... gxf5 $1 $14 39. gxf5 Nd4 {[%cal Oa4a3] [#]} 40. e6 ({White
must play} 40. Bc1 $1 $16) 40... Nc6 $2 {[%mdl 8192] [#]} (40... Bxe6 $1 $11 {
and Black is okay.} 41. fxe6 Nxe6) 41. Bc1 $1 $18 Kb3 42. f6 $2 (42. Ke3 $18)
42... Bxe6 $11 43. f7 Bxf7 44. Nxf7 {Hoping for Ng5.} Ka2 45. Ng5 h5 46. Ne4 {
Strongly threatening Ke3.} Kb1 47. Bh6 Ne5 {And now ...Ng4+ would win.} 48. Ke2
Ng6 49. Nd2+ Kb2 50. Nc4+ Kc3 51. Nd2 {Threatening mate with Bg7+.} Nxh4 $2 {
[%mdl 8192]} (51... Nf4+ $2 52. Bxf4 c1=N+ 53. Ke3 $18) (51... c1=R $11 52.
Ne4+ Kd4 53. Bxc1 Kxe4) 52. Ne4+ $2 (52. Bg7# {mates}) 52... Kb2 {The position
is equal.} 53. Bg7+ Kb1 54. Nc3+ Kb2 55. Ne4+ Kxa3 56. Kd2 Nf5 57. Be5 Kb3 58.
Nc5+ Kc4 59. Nxa6 Kd5 60. Bb8 Nd4 61. Nb4+ Ke4 62. Nxc2 Nxc2 63. Kxc2 {
Weighted Error Value: White=0.26 (precise) /Black=0.37} 1/2-1/2